000 00746nas a2200253 4500
001 BR7904608
003 BR-BrBNA
005 20231205083834.0
007 ta
008 230509b bl.|||p| |||| 00| 00por d
040 _aBR-BrBNA
_bpor
_cBiblioteca Nacional de Agricultura
041 _a(Pt)
072 _aL00
100 1 _aAnon.
245 1 _aCriadores organizam exposicao em Uberaba [Gado zebu; Minas Gerais; Brasil]
650 _aProducao animal
650 _aGado zebu
650 _aExposicao pecuaria
650 _aUberaba
650 _aMinas Gerais
773 0 _tAgricultura. A Forca Verde (Brazil)
_xISSN 0100-5650
_g(Apr 1979), v. 2(17) p. 40-41
_wBR7904608
909 _a202311
_bLúcia
_c55
_dLúcia Elande
942 _2AGRIS
_n0
_cANA
999 _c101509
_d101509